| 000 | 00404nam a2200157Ia 4500 | ||
|---|---|---|---|
| 008 | 240729s9999 xx 000 0 und d | ||
| 022 | _a2673-818X | ||
| 245 | 0 | _aFrontiers in Virology | |
| 260 | _aSwitzerland | ||
| 260 | _bFrontiers Media S.A. | ||
| 650 | _a Microbiology | ||
| 650 | _aScience | ||
| 856 | _uhttps://doaj.org/toc/56b542e3ce4648e38de1669bee0ef766 | ||
| 942 | _2ddc | ||
| 942 | _cDOAJEJ | ||
| 999 |
_c67029 _d67029 |
||
| 945 |
_a1 _bMadushi Gamage _c1 _dMadushi Gamage |
||